| 000 | 00462nam a2200193Ia 4500 | ||
|---|---|---|---|
| 008 | 220531s9999 xx 000 0 und d | ||
| 041 | _aeng | ||
| 082 | _bHIR | ||
| 100 |
_aHiremath, S. _959232 |
||
| 245 | _aBusiness Communication | ||
| 250 | _a1ST | ||
| 260 |
_aPune _bNirali _c2014 |
||
| 300 | _a8.34 | ||
| 542 | _d27-06-2014 | ||
| 551 |
_aCommerce _bNon-grant--C |
||
| 650 |
_acommerce _959233 |
||
| 906 |
_d2014-2015 _f343 |
||
| 999 |
_c33901 _d33901 |
||